|
|
|
|
| LEADER |
00000nam a2200000 a 4500 |
| 001 |
UCV4786 |
| 003 |
CL-VaPUC |
| 008 |
921116e19830000UK |||||||||||||||||eng|d |
| 082 |
0 |
4 |
|a 623.8109
|b HOG
|2 21
|
| 100 |
0 |
|
|a Hogben, Rick
|e author
|9 298972
|
| 245 |
1 |
2 |
|a A sharp look-out: one hundred years of maritime history as reported by Fairplay
|
| 300 |
|
|
|a 197 p
|
| 942 |
|
|
|c BK
|
| 945 |
|
|
|d 19921116 00:00:00
|
| 260 |
|
|
|a Londres
|b Fairplay
|c 1983
|
| 650 |
|
7 |
|a BARCOS HISTORIA
|2 CL-VaPUC
|9 261097
|
| 650 |
|
0 |
|a Arquitectura naval
|v Historia
|9 261098
|
| 583 |
|
|
|a last modification
|c 19921116 00:00:00
|k Rodrigo Vera
|
| 999 |
|
|
|c 211461
|d 211459
|
| 952 |
|
|
|0 0
|1 0
|4 0
|6 623_810900000000000_HOG_1983
|7 0
|8 A
|9 190810
|a BIBING
|b BIBING
|d 2019-11-14
|i 2584670
|o 623.8109 HOG 1983
|p 2584670
|r 2025-01-20
|w 2019-11-14
|y BK
|k TRA
|